000
00232nmm a2200085Ia 4500
008
220120s9999||||xx |||||||||||||||||und||
100
_a
Digit
245
0
_a
15 plus game development tools
260
_a
Nine dot nine interactive ltd.
_c
2012
999
_c
139734
_d
139734